| 000 | 00347nam a2200133Ia 4500 | ||
|---|---|---|---|
| 005 | 20260328104309.0 | ||
| 008 | 260328s9999||||xx |||||||||||||| ||und|| | ||
| 100 | _aRojas, Edward | ||
| 245 | 0 |
_aIconos, Mitos y Leyendas en Chiloe / _cEdward Rojas |
|
| 250 | _a1a ed. | ||
| 260 | _bCorporacion cultural puerto Mont | ||
| 650 | _aARTE | ||
| 942 | _cBK | ||
| 999 |
_c10886 _d10886 |
||